<?xml version='1.0' encoding='UTF-8'?>
  <record xmlns="http://www.loc.gov/MARC21/slim">
    <leader>00000cem a2200000 i 4500</leader>
    <controlfield tag="001">ocn980373570</controlfield>
    <controlfield tag="003">OCoLC</controlfield>
    <controlfield tag="005">20250630040842.5</controlfield>
    <controlfield tag="008">031015s1851    gw        a     0 0 ger d</controlfield>
    <datafield tag="040" ind1=" " ind2=" ">
      <subfield code="a">QGJ</subfield>
      <subfield code="b">dut</subfield>
      <subfield code="c">QGJ</subfield>
    </datafield>
    <datafield tag="035" ind1=" " ind2=" ">
      <subfield code="a">(OCoLC)980373570</subfield>
    </datafield>
    <datafield tag="041" ind1=" " ind2=" ">
      <subfield code="a">ger</subfield>
    </datafield>
    <datafield tag="084" ind1=" " ind2=" ">
      <subfield code="a">74.26</subfield>
      <subfield code="2">bcl</subfield>
    </datafield>
    <datafield tag="100" ind1="1" ind2=" ">
      <subfield code="a">Bülow, Alexander von.</subfield>
    </datafield>
    <datafield tag="245" ind1="1" ind2="0">
      <subfield code="a">Karte des Isthmus von Nicaragua und Panamá in Mittel-America mit den verschiedenen Canal-Projecten zur Verbindung des Atlantischen u. Stillen Oceans nach J. Baily und den besten Quellen /</subfield>
      <subfield code="c">zgst. von A. v. Bülow ; gest. in d. Lith. Anstalt v. H. Delius.</subfield>
      <subfield code="b">Skizze vom Flusse San Juan, Haupttheil der Verbindungs Strasse zwischen d. atlantischen und stillen Ocean in Mittel Amerika ; aufgen. im Juli 1847 von A. v. Bülow.</subfield>
    </datafield>
    <datafield tag="246" ind1="1" ind2=" ">
      <subfield code="a">Skizze vom Flusse San Juan, Haupttheil der Verbindungs Strasse zwischen d. atlantischen und stillen Ocean in Mittel Amerika</subfield>
    </datafield>
    <datafield tag="264" ind1=" " ind2="1">
      <subfield code="a">Berlin :</subfield>
      <subfield code="b">Duncker,</subfield>
      <subfield code="c">1851.</subfield>
    </datafield>
    <datafield tag="300" ind1=" " ind2=" ">
      <subfield code="a">2 krt. op 1 bl. :</subfield>
      <subfield code="b">steendruk, in kleur ;</subfield>
      <subfield code="c">33 x 49, 23 x 49, totaal 57 x 49 cm</subfield>
    </datafield>
    <datafield tag="336" ind1=" " ind2=" ">
      <subfield code="a">cartographic image</subfield>
      <subfield code="b">cri</subfield>
      <subfield code="2">rdacontent</subfield>
    </datafield>
    <datafield tag="337" ind1=" " ind2=" ">
      <subfield code="a">unmediated</subfield>
      <subfield code="b">n</subfield>
      <subfield code="2">rdamedia</subfield>
    </datafield>
    <datafield tag="338" ind1=" " ind2=" ">
      <subfield code="a">sheet</subfield>
      <subfield code="b">nb</subfield>
      <subfield code="2">rdacarrier</subfield>
    </datafield>
    <datafield tag="500" ind1=" " ind2=" ">
      <subfield code="a">Schaal [ca. 1:2.200.000] respectievelijk [ca. 1:300.000].</subfield>
    </datafield>
    <datafield tag="500" ind1=" " ind2=" ">
      <subfield code="a">Inzetten op bovenkrt.: Hafen von Realejo. Hafen von San Juan de Nicaragua. Busen von Salinas.</subfield>
    </datafield>
    <datafield tag="500" ind1=" " ind2=" ">
      <subfield code="a">Benedenkrt.: met vermelding van '1ter Abschnitt, vom Nicaragua See bis zum Savalos Fluss ... 6ter Abschnitt, vom Colorado bis zum Hafen San Juan'.</subfield>
    </datafield>
    <datafield tag="651" ind1=" " ind2="7">
      <subfield code="a">Nicaragua.</subfield>
      <subfield code="0">(NL-LeOCL)07860365X.</subfield>
      <subfield code="2">gtt</subfield>
    </datafield>
    <datafield tag="651" ind1=" " ind2="7">
      <subfield code="a">Panama.</subfield>
      <subfield code="0">(NL-LeOCL)078621186.</subfield>
      <subfield code="2">gtt</subfield>
    </datafield>
    <datafield tag="651" ind1=" " ind2="7">
      <subfield code="a">San Juan (rivier)</subfield>
      <subfield code="0">(NL-LeOCL)140303235.</subfield>
      <subfield code="2">gtt</subfield>
    </datafield>
    <datafield tag="655" ind1=" " ind2="7">
      <subfield code="a">Kaarten (vorm)</subfield>
      <subfield code="0">(NL-LeOCL)088143554.</subfield>
      <subfield code="2">gtt</subfield>
    </datafield>
    <datafield tag="936" ind1=" " ind2=" ">
      <subfield code="a">BATCHLOAD</subfield>
    </datafield>
  </record>